| 000 | 00614nam a2200205Ia 4500 | ||
|---|---|---|---|
| 003 | OSt | ||
| 005 | 20250220112602.0 | ||
| 008 | 210210b2003 xxu||||| |||| 00| 0 eng d | ||
| 020 | _a81 88478 00 8 | ||
| 040 | _cAL | ||
| 041 | _aKannada | ||
| 082 | _aK894.4 KIRR | ||
| 100 |
_aKIRTINATHA KURTAKOTI. _dಕೀರ್ತಿನಾಥ ಕುರ್ತಕೋಟಿ _9201510 |
||
| 245 |
_aRajakiya mattu dharma. _b ರಾಜಕೀಯ ಮತ್ತು ಧರ್ಮ |
||
| 260 |
_aDharavada _bManohara Grantha Mala _c2003 |
||
| 300 | _aviii,142 | ||
| 690 |
_aKannada Prose _9201511 |
||
| 906 | _aSG04097 | ||
| 942 |
_2ddc _cBK |
||
| 999 |
_c114863 _d114863 |
||